Statistiques concernant Quelle péripétie pour quelle Desperate ? S4

Cliquez ici pour prendre le quiz!

Statistiques générales

  • Ce quiz a été pris 346 fois
  • Le résultat moyen est 41 sur 44

Statistiques - réponses

PéripétiesDesperate% Correct
Est en compétition pour une tarte au citron meringuéBree
100%
Connaissait Katherine Mayfair avant son retour à Wisteria LaneSusan
100%
A du mal à accompagner Lynette à l'hôpitalGabrielle
99%
Un couteau de cuisine s'enfonce dans son ventre rondBree
98%
Deviens Brandy le temps d'une nuit et grâce à une perruqueLynette
98%
Se croit être ménopauséeSusan
98%
Enferme le chien de ses voisins gays dans son garageSusan
98%
Prend un traitement contre les morpionsGabrielle
97%
Mime " Pendez les hauts et court " super bienLynette
97%
Se bataille contre un opossum dans son jardinLynette
97%
Fait circonscrire son fils en cachetteBree
96%
Se déguise en bergère pour la fête d'Halloween donnée chez Bob et LeeBree
96%
Se présente à la présidence de la copropriété de Wisteria LaneLynette
96%
A son mari qui devient accroc aux médicamentsSusan
96%
Lors de l'épisode de la tornade, se trouve dans une cave avec EdieGabrielle
95%
Croit avoir perdu toute sa famille dans la tornadeLynette
95%
Va voir son beau-père en prisonSusan
95%
Voit son mari passer par-dessus bordGabrielle
94%
Lors de l'épisode de la tornade, se trouve dans sa baignoire avec KarenLynette
94%
Lors de l'épisode de la tornade, se trouve dans sa salle de bain avec KatherineBree
93%
Empoisonne Katherine lors d'un bal de charitéBree
93%
Se bagarre avec un monsieur en fauteuil roulant pour une place de parkingGabrielle
93%
Lors du Flash 5 ans après de fin de saison, elle a deux enfantsGabrielle
93%
Loue une de ses chambres à une trafiquante de drogueGabrielle
93%
Son mari est mort, empalé par une clôtureGabrielle
93%
Répand les cendres d'Ida sur un terrain de BaseballLynette
93%
A peur que son mari est mis le feu à un restaurantLynette
93%
Pose trop de questions à l'EgliseLynette
93%
Lors du Flash 5 ans après de fin de saison, elle embrasse un mari qui n'est pas le sienSusan
93%
A vu Orson toute nu sur un tabouret en pleine nuitSusan
93%
Acueille plusieurs jours sa copine et son mari après la tornadeSusan
93%
Edie découvre son gros secret et force une des Desperate à tout avouer aux autres. Laquelle ?Bree
92%
Se fait draguer par le révérant de sa paroisseBree
92%
Lors du Flash 5 ans après de fin de saison, elle est devenue célèbreBree
92%
Se sépare de son mari dans cette saisonBree
92%
Est pris en otage avec Katherine par WayneBree
92%
Se marie à l'hôpitalGabrielle
92%
Trouve beaucoup d'argent dans un nounoursGabrielle
92%
Se sent en concurrence avec une chienne nommée RoxyGabrielle
92%
Est arrêtée par les services sociauxLynette
92%
Lors du Flash 5 ans après de fin de saison, elle est accaparée par les bêtises de ses adosLynette
92%
Reçoit son cousin expert comptable, qui va coucher avec KatherineSusan
92%
Lors de l'épisode de la tornade, se trouve à l'hôpital suite à une chuteSusan
92%
Rencontre pour la première fois sa belle mèreSusan
91%

Distribution des résultats

Percentile par nombre de réponses

% des personnes avec chaque résultat

Votre développement - résultats

Vous n’avez pas pris ce quiz